000 00588nam a22002417a 4500
003 UA-OsUOA
001 30666
007 ta
008 20041112b un ||||| |||| 00| 0 ukr d
100 _aБудагов Р. А.
090 _a81'27
_bБ90
942 _cBK
040 _aUA-OsUOA
_brus
_cUA-OsUOA
_dUA-OsUOA
245 _aИстория слов в истории общества
300 _a270 с.
955 _a0
041 _arus
080 _a81'27
260 _aМосква
_bПросвещение
_c1971
044 _aRU
650 7 _2UDC
999 _c317080
_d317080